000 00550nam a2200193Ia 4500
003 GCL
008 140319s9999 xx 000 0 ara d
040 _aGCL /
_cGCL
082 0 4 _a780.91
_bا م
100 1 _aاحمد شفيق ابوعوف
245 1 0 _aالموسيقى الشرقية /
_cاحمد شفيق ابوعوف
300 _a97 ص
490 _aاقرأ
_v0
650 0 4 _aالعصر الحديث
650 0 4 _aالفن
650 0 4 _aالفنون
650 0 4 _aالموسيقى الشرقية - تاريخ ونقد
942 _2ddc
_cBK
999 _c50206
_d50206